Statistics for All-Time Hurricane Names Quiz

Click here to take the quiz!

General Stats

  • This quiz has been taken 414 times
    (394 since last reset)
  • The average score is 269 of 772

Answer Stats

Hurricane% Correct
Katrina
82%
Fran
69%
Irma
69%
Sean
69%
Harvey
68%
Michael
68%
Jose
67%
Laura
66%
Andrew
65%
Maria
65%
Chris
62%
Sandy
60%
Florence
58%
Rita
58%
Beta
57%
Dean
57%
Doria
57%
Alpha
56%
Emily
56%
George
56%
Charlie
55%
Irene
55%
Wilma
55%
Don
54%
Anna
52%
Delta
52%
Matthew
52%
Dorian
51%
Fay
51%
Ike
51%
Danny
50%
Ida
50%
Bertha
49%
Gamma
49%
Arthur
48%
Dennis
48%
Mitch
48%
Hanna
47%
Hugo
47%
Arlene
46%
Bob
46%
David
46%
Gert
46%
Isabel
46%
Stan
46%
Camille
45%
Ivan
45%
Karl
45%
Kyle
45%
Zeta
45%
Charley
44%
Karen
44%
Sally
44%
Allison
43%
Barry
43%
Frances
43%
Franklin
43%
Ophelia
43%
Bill
42%
Dolly
42%
Epsilon
42%
Isaias
42%
Jeanne
42%
Josephine
42%
Marco
42%
Nana
42%
Nate
42%
Alex
41%
Bret
41%
Allen
40%
Carol
40%
Cindy
40%
Fred
40%
Omar
40%
Teddy
40%
Ana
39%
Cristobal
39%
Nicholas
39%
Vicky
39%
Edouard
38%
Ian
38%
Isaac
38%
Lee
38%
Donna
37%
Julia
37%
Alberto
36%
Beryl
36%
Debbie
36%
Debby
36%
Gloria
36%
Rene
36%
Wilfred
36%
Dora
35%
Erin
35%
Floyd
35%
Jerry
35%
Larry
35%
Noel
35%
Opal
35%
Ellen
34%
Bonnie
33%
Felix
33%
Gonzalo
33%
Gordon
33%
Hazel
33%
Humberto
33%
Kate
33%
Katia
33%
Lenny
33%
Lisa
33%
Paulette
33%
Andrea
32%
Betsy
32%
Danielle
32%
Ernesto
32%
Gilbert
32%
Grace
32%
Joan
32%
Martha
32%
Mike
32%
Audrey
31%
Colin
31%
Ella
31%
Gustav
31%
Henri
31%
Juan
31%
Keith
31%
Lili
31%
Nicole
31%
Oscar
31%
Vince
31%
Alice
30%
Chantal
30%
Leslie
30%
Melissa
30%
Otto
30%
Richard
30%
Erika
29%
Georges
29%
Helene
29%
Imelda
29%
Paula
29%
Betty
28%
Diana
28%
Diane
28%
Dog
28%
Hortense
28%
Lorenzo
28%
Michelle
28%
Olga
28%
Tammy
28%
Tony
28%
Alicia
27%
Carla
27%
Earl
27%
Fern
27%
Frederic
27%
Hattie
27%
Rina
27%
Beulah
26%
Fiona
26%
How
26%
Ingrid
26%
Janet
26%
Katie
26%
Peter
26%
Philippe
26%
Sebastien
26%
Claudette
25%
Easy
25%
Fifi
25%
Flora
25%
Gabrielle
25%
Iris
25%
Joyce
25%
Nadine
25%
Pablo
25%
Able
24%
Amy
24%
Baker
24%
Barbara
24%
Beth
24%
Connie
24%
Edna
24%
Igor
24%
Ione
24%
Kirk
24%
Paloma
24%
Patty
24%
Tomas
24%
Abby
23%
Brenda
23%
Carmen
23%
Doris
23%
Greta
23%
Joaquin
23%
Nestor
23%
Agnes
22%
Carrie
22%
Celia
22%
Cleo
22%
Elena
22%
Eloise
22%
Gaston
22%
Jenny
22%
Luis
22%
Alma
21%
Caroline
21%
Eve
21%
Hilda
21%
Isidore
21%
Judith
21%
King
21%
Klaus
21%
Roxanne
21%
Belle
20%
Cesar
20%
Faith
20%
Fox
20%
Hannah
20%
Hermine
20%
Janice
20%
Marilyn
20%
Rebekah
20%
Tanya
20%
Amelia
19%
Anita
19%
Chloe
19%
Christine
19%
Dorothy
19%
Edith
19%
Esther
19%
Fernand
19%
Inez
19%
Item
19%
Becky
18%
Fabian
18%
Mindy
18%
Odette
18%
Rafael
18%
Gladys
17%
Hallie
17%
Holly
17%
Jig
17%
Love
17%
Clara
16%
Daisy
16%
Ethel
16%
Gertrude
16%
Ginny
16%
Laurie
16%
Lois
16%
Shary
16%
Debra
15%
Evelyn
15%
Helena
15%
Kara
15%
Candy
14%
Dawn
14%
Gail
14%
Gerda
14%
Hope
14%
Bess
13%
Blanche
13%
Elaine
13%
Emmy
13%
Faye
13%
Gilda
13%
Gracie
13%
Heidi
13%
Ilsa
13%
Inga
13%
Kendra
13%
Kristy
13%
Cora
12%
Flossie
12%
Flossy
12%
Ginger
12%
Babe
11%
Felice
11%
Francelia
11%
Frieda
11%
Juliet
11%
Candice
10%
Delia
10%
Dottie
10%
Isbell
10%

Score Distribution

Percentile by Number Answered

Percent of People with Each Score

Your Score History

You have not taken this quiz since the last reset